[Event "FB23 2223 SC Bavaria Regensburg 1881 - "]
[Site "?"]
[Date "2022.10.15"]
[Round "1.1"]
[White "Li, Zhuoling"]
[Black "Arnhold, Steffi"]
[Result "1-0"]
[WhiteElo "2175"]
[BlackElo "2121"]
[PlyCount "53"]
[EventDate "2022.??.??"]

1. e4 c5 2. Nc3 e6 3. Nge2 a6 4. d4 cxd4 5. Nxd4 Qc7 6. Be2 b5 7. O-O Bb7 8. Re1 Nc6 9. Nxc6 dxc6 10. e5 Qxe5 11. Bxb5 Qc7 12. Bc4 Nf6 13. Qf3 c5 14. Bf4 Qc8 15. Qh3 Be7 16. Re3 O-O 17. Rg3 Rd8 18. Be5 Ne8 19. Re1 Bf6 20. Bxf6 Nxf6 21. Qh6 g6 22. Bxe6 fxe6 23. Rxg6+ hxg6 24. Qxg6+ Kh8 25. Qxf6+ Kh7 26. Qe7+ Kh8 27. Re5 1-0

[Event "FB23 2223 SC Bavaria Regensburg 1881 - "]
[Site "?"]
[Date "2022.10.15"]
[Round "1.2"]
[White "Bardorz, Jana"]
[Black "Froehlich, Franziska"]
[Result "1-0"]
[WhiteElo "2048"]
[BlackElo "1898"]
[PlyCount "81"]
[EventDate "2022.??.??"]

1. e4 e6 2. d4 d5 3. Nd2 Nf6 4. e5 Nfd7 5. c3 c5 6. Bd3 Nc6 7. Ne2 cxd4 8. cxd4 f6 9. exf6 Nxf6 10. Nf3 Bd6 11. O-O Qc7 12. h3 O-O 13. Re1 Bd7 14. Bd2 Rae8 15. Nc3 a6 16. Rc1 Qb6 17. Na4 Qa7 18. Be3 Nb4 19. Bb1 Bxa4 20. Qxa4 Nc6 21. Ne5 Ne7 22. g4 Qb8 23. f4 Qd8 24. Qc2 g6 25. Kh1 Nd7 26. Qg2 Bxe5 27. dxe5 Kh8 28. Bd3 Nc6 29. Bxa6 bxa6 30. Rxc6 Qa5 31. Rec1 Qxa2 32. Rc7 Qa4 33. Qc2 Qxc2 34. R1xc2 Rf7 35. Ra7 Ree7 36. Rc8+ Kg7 37. Rcc7 Kf8 38. f5 gxf5 39. Bh6+ Kg8 40. Rxd7 Rxd7 41. Ra8+ 1-0

[Event "FB23 2223 SC Bavaria Regensburg 1881 - "]
[Site "?"]
[Date "2022.10.15"]
[Round "1.3"]
[White "Kobald, Jacqueline"]
[Black "Leuchsenring, Christina"]
[Result "1/2-1/2"]
[WhiteElo "1996"]
[BlackElo "1879"]
[PlyCount "118"]
[EventDate "2022.??.??"]

1. e4 c5 2. Nf3 Nc6 3. d4 cxd4 4. Nxd4 Nf6 5. Nc3 e5 6. Ndb5 d6 7. Bg5 a6 8. Na3 b5 9. Nd5 Be7 10. Bxf6 Bxf6 11. c3 O-O 12. Be2 Bg5 13. Nc2 Kh8 14. O-O Ne7 15. Nce3 Bb7 16. Qd3 Bxe3 17. Nxe3 d5 18. exd5 Nxd5 19. Nxd5 Qxd5 20. Qxd5 Bxd5 21. Rfd1 Rad8 22. a4 Bc4 23. Rxd8 Rxd8 24. Rd1 Rxd1+ 25. Bxd1 Kg8 26. a5 Bd5 27. Bg4 Bb7 28. Kf1 g6 29. g3 f5 30. Be2 Bd5 31. Ke1 Kf7 32. Kd2 Ke6 33. Kc2 Kd6 34. h3 h6 35. b3 Kc5 36. h4 g5 37. hxg5 hxg5 38. Bh5 f4 39. gxf4 exf4 40. Bg4 Be4+ 41. Kd2 Bb7 42. Kd3 Kd6 43. Kd4 Bd5 44. c4 bxc4 45. bxc4 Be6 46. c5+ Ke7 47. Be2 g4 48. Bxa6 g3 49. fxg3 fxg3 50. Bf1 Bc8 51. Bg2 Ba6 52. Ke5 Kd7 53. Kf4 Kc7 54. Kxg3 Bb5 55. Kf4 Kb8 56. Ke5 Ka7 57. c6 Bxc6 58. Bxc6 Ka6 59. Kd5 Kxa5 1/2-1/2

[Event "FB23 2223 SC Bavaria Regensburg 1881 - "]
[Site "?"]
[Date "2022.10.15"]
[Round "1.4"]
[White "Oberhofer, Marie"]
[Black "Erben, Larissa"]
[Result "0-1"]
[WhiteElo "1739"]
[BlackElo "1960"]
[PlyCount "64"]
[EventDate "2022.??.??"]

1. e4 c5 2. Nf3 e6 3. d4 cxd4 4. Nxd4 Nc6 5. Nc3 Qc7 6. Be2 a6 7. O-O Nf6 8. Bg5 Be7 9. Qd2 O-O 10. Rad1 b5 11. a3 Bb7 12. Nxc6 Bxc6 13. Bd3 Ng4 14. Bf4 Bd6 15. Bg3 Rad8 16. Be2 Bxg3 17. hxg3 Ne5 18. b3 f5 19. exf5 Rxf5 20. f4 Ng6 21. Bg4 Rff8 22. Qd4 Ne7 23. Ne4 Nf5 24. Bxf5 Rxf5 25. Nd6 Rd5 26. Qe3 Qxd6 27. Rxd5 Qxd5 28. Qf2 Rc8 29. g4 Rf8 30. Qg3 Qc5+ 31. Rf2 Qxa3 32. f5 Qc1+ 0-1

[Event "FB23 2223 SC Bavaria Regensburg 1881 - "]
[Site "?"]
[Date "2022.10.15"]
[Round "1.5"]
[White "Gassmann, Linda"]
[Black "Prinzen, Siri Marleen"]
[Result "1-0"]
[WhiteElo "1893"]
[BlackElo "1719"]
[PlyCount "121"]
[EventDate "2022.??.??"]

1. d4 d5 2. c4 e6 3. cxd5 exd5 4. Nf3 Nf6 5. a3 c6 6. Nc3 Nbd7 7. Bg5 Be7 8. e3 h6 9. Bh4 O-O 10. Be2 Re8 11. O-O Ne4 12. Bxe7 Qxe7 13. Nxe4 dxe4 14. Nd2 Nf6 15. Nc4 Nd5 16. Kh1 Bf5 17. Rc1 Rad8 18. b4 Nc7 19. Qb3 Be6 20. Qb2 Rc8 21. Ne5 Red8 22. Qb1 Bd5 23. Bg4 Rb8 24. Qb2 Be6 25. Be2 Qe8 26. a4 f6 27. Nc4 a6 28. Na3 Nd5 29. b5 cxb5 30. axb5 a5 31. Nc4 b6 32. Nd2 Nb4 33. Nxe4 Bf5 34. Ng3 Bd7 35. Qb3+ Kh8 36. Bh5 g6 37. Be2 f5 38. Rc7 Be6 39. d5 Bf7 40. Qb2+ Kg8 41. Bc4 Nxd5 42. Rc6 Ne7 43. Nh5 gxh5 44. Rxh6 Kf8 45. Bxf7 Qxf7 46. Rf6 Nd5 47. Rxf7+ Kxf7 48. Qe5 Ne7 49. g3 Rbc8 50. Qf4 Rg8 51. Qh6 Rg6 52. Qxh5 Kf6 53. Rd1 Ke6 54. Qf3 Rc5 55. Qb7 Nd5 56. Qh7 Rf6 57. Qg8+ Rf7 58. h4 Nf6 59. Qb8 Nd5 60. Qe8+ Kf6 61. Rxd5 1-0

[Event "FB23 2223 SC Bavaria Regensburg 1881 - "]
[Site "?"]
[Date "2022.10.15"]
[Round "1.6"]
[White "Wetzler, Sophia"]
[Black "Haecker, Gabriele"]
[Result "0-1"]
[WhiteElo "1682"]
[BlackElo "1962"]
[PlyCount "98"]
[EventDate "2022.??.??"]

1. e4 Nf6 2. Nc3 d5 3. e5 d4 4. exf6 dxc3 5. bxc3 exf6 6. Nf3 Bd6 7. Be2 O-O 8. O-O b6 9. d4 Bb7 10. Bb2 c5 11. d5 Bxd5 12. c4 Bb7 13. Bd3 Qc7 14. h3 Nd7 15. Re1 Rfe8 16. Nd2 Be5 17. c3 Rad8 18. Qc2 Nf8 19. Nf1 Re7 20. Rad1 Rde8 21. Ne3 Bf4 22. Bc1 Bc6 23. Bf1 Ng6 24. Qd3 Ne5 25. Qe2 Bxe3 26. Bxe3 Rd8 27. Rc1 Nd3 28. Qg4 Nxe1 29. Rxe1 Re4 30. Qe2 Qd7 31. Qc2 Re6 32. Be2 Be4 33. Qc1 Qa4 34. Qb2 Bd3 35. Bd1 Qd7 36. Bb3 Qe7 37. Qc1 f5 38. Rd1 f6 39. Bc2 Bxc2 40. Rxd8+ Qxd8 41. Qxc2 g6 42. Qb2 Rd6 43. Bf4 Rd1+ 44. Kh2 g5 45. Bc1 Qd6+ 46. g3 Qc6 47. g4 Qh1+ 48. Kg3 Rd3+ 49. Be3 f4# 0-1

[Event "FB23 2223 SC NT Nürnberg - SG Augsburg"]
[Site "?"]
[Date "2022.10.15"]
[Round "1.1"]
[White "Manko, Mariya"]
[Black "Birkholz, Olga"]
[Result "1-0"]
[WhiteElo "2082"]
[BlackElo "2034"]
[PlyCount "111"]
[EventDate "2022.??.??"]

1. Nf3 d6 2. d4 Nf6 3. g3 g6 4. Bg2 Bg7 5. O-O Nc6 6. c4 O-O 7. Nc3 Bf5 8. d5 Na5 9. Nd2 c5 10. e4 Bd7 11. a3 Qc8 12. Qe2 b6 13. Rb1 Rb8 14. f4 Ng4 15. Nf3 Nb3 16. h3 Nxc1 17. Rfxc1 Nh6 18. g4 f6 19. b4 Nf7 20. b5 Bh6 21. Qe3 Ne5 22. Nd2 Nf7 23. Rf1 Kh8 24. Rbe1 Rg8 25. Kh2 Qe8 26. Qg3 Qc8 27. Nf3 Bg7 28. Nd1 Rf8 29. Nf2 a6 30. a4 Ra8 31. Ra1 Qc7 32. Nd3 e6 33. dxe6 Bxe6 34. Nd2 axb5 35. axb5 Rxa1 36. Rxa1 f5 37. Re1 fxg4 38. hxg4 Bd4 39. f5 Bc8 40. Nf3 Kg7 41. Nf4 Ne5 42. Ng5 Rf6 43. Rf1 Kh8 44. Nd5 Qg7 45. Nxf6 Qxf6 46. Qh4 h5 47. Bh3 Be3 48. fxg6 Qxg5 49. Qxg5 Bxg5 50. Rf8+ Kg7 51. Rxc8 hxg4 52. Bf1 Bf4+ 53. Kg2 Kxg6 54. Be2 Kf6 55. Rf8+ Kg5 56. Rf5+ 1-0

[Event "FB23 2223 SC NT Nürnberg - SG Augsburg"]
[Site "?"]
[Date "2022.10.15"]
[Round "1.2"]
[White "Albayrak, Nese Pinar"]
[Black "Horvath, Maria"]
[Result "0-1"]
[WhiteElo "1748"]
[BlackElo "1947"]
[PlyCount "122"]
[EventDate "2022.??.??"]

1. e4 e6 2. d4 d5 3. Nd2 Nf6 4. e5 Nfd7 5. Bd3 c5 6. c3 b6 7. Ne2 Ba6 8. Bb1 Nc6 9. Nf3 cxd4 10. cxd4 Bb4+ 11. Bd2 Bxd2+ 12. Qxd2 Qe7 13. O-O Qb4 14. Rd1 Qxd2 15. Rxd2 Bxe2 16. Rxe2 Ke7 17. a3 g5 18. Rd2 g4 19. Ne1 Na5 20. Ba2 Rac8 21. Rc2 Rxc2 22. Nxc2 Rc8 23. Ne3 h5 24. b4 Nb7 25. Re1 b5 26. Kf1 Nb6 27. Nd1 Nd8 28. Re3 Rc1 29. Ke1 Nc4 30. Bxc4 bxc4 31. Kd2 Ra1 32. Nc3 Nc6 33. Ne2 Rf1 34. f3 Rf2 35. fxg4 Rxg2 36. Rg3 Rxh2 37. gxh5 Nxd4 38. Re3 Nxe2 39. Rxe2 Rxh5 40. Re3 Rf5 41. a4 Kd7 42. b5 Rf4 43. a5 f6 44. b6 axb6 45. a6 fxe5 46. a7 Rf8 47. Rxe5 Kd6 48. Rh5 Rf2+ 49. Kc3 Ra2 50. Rh7 Ra4 51. Rb7 Ke5 52. Rd7 Ke4 53. Rd6 e5 54. Rd7 d4+ 55. Kc2 Ke3 56. Rc7 b5 57. Rc5 e4 58. Rc7 d3+ 59. Kc3 d2 60. Rd7 Rxa7 61. Rxd2 Ra3+ 0-1

[Event "FB23 2223 SC NT Nürnberg - SG Augsburg"]
[Site "?"]
[Date "2022.10.15"]
[Round "1.3"]
[White "Kosc, Renata"]
[Black "Albayrak, Berrak"]
[Result "1-0"]
[WhiteElo "1981"]
[BlackElo "1626"]
[PlyCount "79"]
[EventDate "2022.??.??"]

1. e4 d6 2. d4 Nf6 3. Nc3 g6 4. f4 Bg7 5. Nf3 O-O 6. Bd3 Nbd7 7. e5 Ne8 8. e6 fxe6 9. Ng5 Ndf6 10. Bd2 Nd5 11. Qf3 c6 12. O-O-O Nec7 13. h4 e5 14. dxe5 dxe5 15. h5 Bf5 16. hxg6 hxg6 17. Bxf5 Rxf5 18. g4 Rxg5 19. fxg5 Ne6 20. Qe4 Qe8 21. Nxd5 cxd5 22. Qxd5 Qc6 23. Qxc6 bxc6 24. Be3 Nd4 25. c3 Nb5 26. Rd7 Bf8 27. a4 Nd6 28. Rxa7 Rb8 29. b4 Ne4 30. Kc2 e6 31. Rhh7 Rd8 32. Rhd7 Rb8 33. Rac7 Ra8 34. a5 c5 35. Kd3 Nxc3 36. Kxc3 cxb4+ 37. Kb3 Rxa5 38. Bc1 Ra8 39. Bb2 e4 40. Rh7 1-0

[Event "FB23 2223 SC NT Nürnberg - SG Augsburg"]
[Site "?"]
[Date "2022.10.15"]
[Round "1.4"]
[White "Loebel, Petra"]
[Black "Braun, Kristin"]
[Result "0-1"]
[WhiteElo "1849"]
[BlackElo "1898"]
[PlyCount "104"]
[EventDate "2022.??.??"]

1. e4 c5 2. Nc3 g6 3. g3 Bg7 4. Bg2 Nc6 5. d3 d6 6. Be3 Rb8 7. Qd2 b5 8. Nge2 b4 9. Nd1 Nd4 10. c3 bxc3 11. bxc3 Nxe2 12. Qxe2 Qa5 13. Qd2 Bg4 14. f3 Be6 15. O-O Nf6 16. h3 Nd7 17. Bh6 O-O 18. h4 Rb6 19. Bxg7 Kxg7 20. Kh2 h5 21. Bh3 Ne5 22. Bxe6 fxe6 23. Qe2 Qa6 24. c4 Qa3 25. f4 Qxd3 26. Qxd3 Nxd3 27. a3 Rfb8 28. Rf3 Ne1 29. Rc3 Rb3 30. Rac1 Nf3+ 31. Kh3 Nd4 32. Rxb3 Rxb3 33. Rc3 Kf6 34. g4 hxg4+ 35. Kxg4 Rxc3 36. Nxc3 Nc2 37. e5+ Kf7 38. Ne4 dxe5 39. Nxc5 exf4 40. a4 e5 41. Nb7 Ne3+ 42. Kf3 Nxc4 43. Nd8+ Kf6 44. Nc6 a6 45. a5 e6 46. Ke4 Nd2+ 47. Kd3 Nb3 48. Ke4 Nc5+ 49. Kf3 g5 50. hxg5+ Kf5 51. g6 e4+ 52. Ke2 Kxg6 0-1

[Event "FB23 2223 SC NT Nürnberg - SG Augsburg"]
[Site "?"]
[Date "2022.10.15"]
[Round "1.5"]
[White "Todorova, Kalina"]
[Black "Stark, Amalia"]
[Result "1-0"]
[WhiteElo "1792"]
[BlackElo "1380"]
[PlyCount "111"]
[EventDate "2022.??.??"]

1. d4 Nf6 2. c4 g6 3. Nc3 Bg7 4. f3 d6 5. e4 O-O 6. Be3 Nc6 7. Qd2 e5 8. d5 Nd4 9. Nge2 Nxe2 10. Bxe2 Ne8 11. O-O-O f5 12. exf5 Bxf5 13. g4 Bd7 14. Ne4 c6 15. Bh6 Qe7 16. Bxg7 Nxg7 17. h4 Rf4 18. h5 g5 19. h6 cxd5 20. Qxd5+ Ne6 21. Qxd6 Qxd6 22. Rxd6 Nd4 23. Rxd7 Nxe2+ 24. Kd1 Nd4 25. Nxg5 Nxf3 26. Rg7+ Kh8 27. Rxh7+ Kg8 28. Rg7+ Kh8 29. Nf7+ Rxf7 30. Rxf7 Rd8+ 31. Ke2 Ng5 32. Rf5 Ne4 33. Kf3 Nd2+ 34. Kg3 Ne4+ 35. Kf3 Nd2+ 36. Ke2 Ne4 37. Rh3 Re8 38. Re3 Nd6 39. Rexe5 Rg8 40. Rf4 b6 41. g5 a5 42. Re7 a4 43. g6 Rxg6 44. h7 Rg7 45. Rf8+ Kxh7 46. Rxg7+ Kxg7 47. Rf4 Kg6 48. Kd3 Nb7 49. Kd4 Nc5 50. Rf3 Kg5 51. Kd5 Kg4 52. Ra3 Kf5 53. Kc6 Ke5 54. Kxb6 Kd4 55. Kb5 Nd3 56. Rxd3+ 1-0

[Event "FB23 2223 SC NT Nürnberg - SG Augsburg"]
[Site "?"]
[Date "2022.10.15"]
[Round "1.6"]
[White "Albayrak, Aylin"]
[Black "Schaefer, Ann-Kathrin"]
[Result "1-0"]
[WhiteElo "1652"]
[BlackElo "1689"]
[PlyCount "71"]
[EventDate "2022.??.??"]

1. d4 Nf6 2. c4 g6 3. Nc3 Bg7 4. e4 d6 5. Nf3 O-O 6. Bg5 Nfd7 7. Be2 f6 8. Be3 e5 9. Qd2 a6 10. Bh6 Nc6 11. Bxg7 Kxg7 12. d5 Ne7 13. O-O-O Nc5 14. Ne1 f5 15. f3 Bd7 16. h4 f4 17. g3 b5 18. gxf4 Rxf4 19. Ng2 Rf6 20. h5 Qe8 21. hxg6 Rxg6 22. Rh2 Qf7 23. Rdh1 Rh8 24. b4 Nb7 25. f4 Kf8 26. Bh5 Qf6 27. Bxg6 Nxg6 28. f5 Ne7 29. Rxh7 Rg8 30. R1h6 Qg5 31. Qxg5 Rxg5 32. Ne3 Be8 33. Rf6+ Kg8 34. Rxe7 Bh5 35. Rxc7 Nd8 36. Rxd6 1-0

[Event "FB23 2223 TSV Schott Mainz - Karlsruher"]
[Site "?"]
[Date "2022.10.15"]
[Round "1.3"]
[White "Schmidt, Jessica"]
[Black "Gerlach-Buedinger, Manuela"]
[Result "1-0"]
[WhiteElo "2198"]
[BlackElo "2056"]
[PlyCount "87"]
[EventDate "2022.??.??"]

1. d4 g6 2. Nf3 Bg7 3. Bf4 d6 4. e3 Nd7 5. Be2 Ngf6 6. h3 O-O 7. O-O c5 8. Nbd2 b6 9. c3 Bb7 10. a4 a6 11. Bh2 Ne4 12. Nxe4 Bxe4 13. d5 Nf6 14. c4 Bf5 15. Nd2 Qc7 16. Re1 Ne8 17. e4 Bd7 18. Qc2 Qb7 19. Bd3 e5 20. f4 f6 21. Rab1 Nc7 22. Kh1 a5 23. b3 Na6 24. f5 Nb4 25. Qc3 Nxd3 26. Qxd3 Bh6 27. Nf1 Qc8 28. g4 g5 29. Rb2 Rf7 30. Bg1 Bg7 31. h4 h6 32. Rh2 Be8 33. Be3 Kf8 34. Qd2 Ke7 35. Ng3 Kd7 36. Ree2 Qd8 37. hxg5 fxg5 38. Ref2 Rf6 39. Bxg5 hxg5 40. Qxg5 Rf7 41. Qxd8+ Rxd8 42. g5 Rf8 43. Rh7 Rh8 44. Rfh2 1-0

[Event "FB23 2223 TSV Schott Mainz - Karlsruher"]
[Site "?"]
[Date "2022.10.15"]
[Round "1.4"]
[White "Krasnopeyeva, Julia"]
[Black "Heinatz, Gundula"]
[Result "0-1"]
[WhiteElo "1920"]
[BlackElo "2148"]
[PlyCount "96"]
[EventDate "2022.??.??"]

1. e4 c5 2. Nf3 Nc6 3. d4 cxd4 4. Nxd4 g6 5. Nc3 Bg7 6. Be3 Nf6 7. Bc4 O-O 8. Bb3 d6 9. f3 Bd7 10. Qd2 Na5 11. O-O-O Nxb3+ 12. Nxb3 a5 13. Nd4 a4 14. a3 Qa5 15. Na2 Qc7 16. Kb1 Rfc8 17. Nb4 Ra5 18. Ne2 Be6 19. Nf4 Bc4 20. g4 Rb5 21. h4 d5 22. g5 Nd7 23. exd5 Ne5 24. d6 exd6 25. Qxd6 Qxd6 26. Rxd6 Bf8 27. Rd2 Nxf3 28. Rf2 Ne5 29. Bd2 Bc5 30. Rg2 Nf3 31. Bc3 Bd6 32. Ne2 Rf5 33. Nd4 Nxd4 34. Bxd4 Bxb4 35. axb4 Bd5 36. Rgh2 Bxh1 37. Rxh1 Re8 38. Bf6 Rf4 39. c3 b5 40. Ka2 Rfe4 41. Ka3 Re1 42. Rxe1 Rxe1 43. b3 axb3 44. Kxb3 Rb1+ 45. Kc2 Rh1 46. Kd3 Rxh4 47. Ke3 Kf8 48. Kf3 Ke8 0-1

[Event "FB23 2223 TSV Schott Mainz - Karlsruher"]
[Site "?"]
[Date "2022.10.15"]
[Round "1.5"]
[White "Rubina, Tatiana"]
[Black "Brandl, Lea Maria"]
[Result "1-0"]
[WhiteElo "2009"]
[BlackElo "1879"]
[PlyCount "63"]
[EventDate "2022.??.??"]

1. e4 c5 2. Nf3 d6 3. d4 cxd4 4. Nxd4 Nf6 5. Nc3 a6 6. g3 e5 7. Nde2 Be7 8. Bg2 O-O 9. O-O Nbd7 10. h3 b5 11. Nd5 Nxd5 12. Qxd5 Nb6 13. Qd3 Be6 14. Rd1 Rc8 15. b3 Qc7 16. Rd2 Rfd8 17. Ba3 d5 18. Bxe7 Qxe7 19. exd5 Nxd5 20. Rad1 Rd7 21. Qe4 Qf6 22. Rxd5 Rxd5 23. Rxd5 Bxd5 24. Qxd5 g6 25. Be4 Rd8 26. Qb7 Qe6 27. Nc3 Qxh3 28. Qxa6 b4 29. Nd5 h5 30. Qf6 Rd7 31. Ne7+ Kf8 32. Nxg6+ 1-0

[Event "FB23 2223 TSV Schott Mainz - Karlsruher"]
[Site "?"]
[Date "2022.10.15"]
[Round "1.6"]
[White "Mueller, Riyanna"]
[Black "Pellicoro, Nathalie"]
[Result "1/2-1/2"]
[WhiteElo "1461"]
[BlackElo "1895"]
[PlyCount "91"]
[EventDate "2022.??.??"]

1. e4 e5 2. Nf3 Nc6 3. Bc4 Nf6 4. d3 Be7 5. c3 d6 6. O-O O-O 7. Bb3 Kh8 8. Re1 Ng8 9. d4 Bg4 10. Be3 f5 11. exf5 e4 12. Bxg8 Rxg8 13. Ng5 Bxg5 14. Qxg4 Bxe3 15. Rxe3 d5 16. f3 exf3 17. Qxf3 Qg5 18. Na3 Raf8 19. Qe2 Rxf5 20. Nb5 Qd8 21. Re1 Rff8 22. Qh5 g6 23. Qh6 a6 24. Na7 Qf6 25. Rf3 Qd6 26. Rxf8 Rxf8 27. Nxc6 Qf6 28. h3 bxc6 29. Qe3 Kg7 30. Qe7+ Rf7 31. Qxf6+ Rxf6 32. Re7+ Rf7 33. Rxf7+ Kxf7 34. Kf2 Ke6 35. g4 g5 36. Ke3 Kd6 37. b4 Kd7 38. Kd3 Kc8 39. Kc2 Kb7 40. c4 Kb6 41. Kb3 Kb7 42. a4 Kb6 43. a5+ Ka7 44. cxd5 cxd5 45. Ka4 c6 46. Kb3 1/2-1/2

[Event "FB23 2223 SK 1980 Gernsheim - SK Freibu"]
[Site "?"]
[Date "2022.10.15"]
[Round "1.1"]
[White "Paddock, Silvia"]
[Black "Lukas, Anne"]
[Result "1-0"]
[WhiteElo "2174"]
[BlackElo "2051"]
[PlyCount "83"]
[EventDate "2022.??.??"]

1. e4 e5 2. Nf3 Nc6 3. Bb5 Nf6 4. O-O d6 5. d4 Bd7 6. d5 Ne7 7. Qe2 h6 8. Nc3 g5 9. Ne1 Ng6 10. g3 Be7 11. Ng2 a6 12. Bxd7+ Qxd7 13. f4 gxf4 14. gxf4 exf4 15. Bxf4 Rg8 16. Kh1 O-O-O 17. Bg3 Qh3 18. Rf5 Rg7 19. Raf1 Rdg8 20. Rxf6 Bxf6 21. Rxf6 h5 22. Qf1 Qd7 23. Qf5 h4 24. Qxd7+ Kxd7 25. Bf2 Ne5 26. Ne3 h3 27. Ne2 Ke7 28. Bh4 Ke8 29. Bg3 Ng6 30. Rf1 Nf8 31. e5 Kd7 32. Nf5 Rh7 33. exd6 cxd6 34. Bxd6 Ng6 35. Bg3 Re8 36. Ned4 Ne5 37. Re1 f6 38. Ne6 Rc8 39. Nfd4 Ng4 40. c4 Rxc4 41. Nf8+ Kc8 42. Re8# 1-0

[Event "FB23 2223 SK 1980 Gernsheim - SK Freibu"]
[Site "?"]
[Date "2022.10.15"]
[Round "1.2"]
[White "Bluebaum, Johanna"]
[Black "Hund, Sarah"]
[Result "1-0"]
[WhiteElo "1945"]
[BlackElo "2043"]
[PlyCount "129"]
[EventDate "2022.??.??"]

1. d4 Nf6 2. c4 e6 3. Nc3 Bb4 4. e3 O-O 5. Bd3 d5 6. Bd2 Re8 7. Nf3 Nbd7 8. a3 Bd6 9. c5 Bf8 10. b4 e5 11. Be2 g6 12. O-O Bg7 13. Qb3 c6 14. b5 Ng4 15. h3 Nh6 16. Rad1 Nf5 17. Qa4 Qf6 18. bxc6 bxc6 19. dxe5 Qe6 20. Nd4 Qxe5 21. Qxc6 Rb8 22. Nxf5 Qxf5 23. Bg4 Qc2 24. Nxd5 f5 25. Bf3 Qxc5 26. Nb4 a5 27. Qxc5 Nxc5 28. Nc6 Rb2 29. Bxa5 Ne4 30. Ne7+ Rxe7 31. Rd8+ Kf7 32. Rxc8 Be5 33. Bb4 Rc7 34. Rxc7+ Bxc7 35. g4 Ke6 36. gxf5+ gxf5 37. Bxe4 fxe4 38. Rc1 Be5 39. Rc4 Kf5 40. Rc5 Rb1+ 41. Kg2 Kf6 42. Rc6+ Kg5 43. Be7+ Kf5 44. Rh6 Rb7 45. Bb4 Ra7 46. Rb6 Bb2 47. Rb5+ Ke6 48. Bc5 Rg7+ 49. Kf1 Be5 50. a4 Bh2 51. Bb4 Rg1+ 52. Ke2 Ra1 53. a5 Bg1 54. Re5+ Kf6 55. Rxe4 Ra2+ 56. Bd2 Bh2 57. f4 Bg3 58. Rb4 Bh4 59. Rb6+ Kf7 60. a6 Be7 61. Rb7 Ke6 62. Kd3 Ra4 63. f5+ Kf7 64. Bb4 Rxb4 65. Rxb4 1-0

[Event "FB23 2223 SK 1980 Gernsheim - SK Freibu"]
[Site "?"]
[Date "2022.10.15"]
[Round "1.3"]
[White "Hund, Barbara"]
[Black "Ries, Jutta"]
[Result "1/2-1/2"]
[WhiteElo "2075"]
[BlackElo "2021"]
[PlyCount "98"]
[EventDate "2022.??.??"]

1. e4 Nf6 2. e5 Nd5 3. d4 d6 4. c4 Nb6 5. exd6 exd6 6. Nc3 Bf5 7. Nf3 Be7 8. Be2 O-O 9. O-O Nc6 10. d5 Ne5 11. b3 Nxf3+ 12. Bxf3 Bf6 13. Bb2 Nd7 14. Bg4 Bxg4 15. Qxg4 Ne5 16. Qg3 Ng6 17. Rae1 Qd7 18. Nd1 Bxb2 19. Nxb2 Rae8 20. Nd3 a6 21. h3 Rxe1 22. Rxe1 Re8 23. Re3 Rxe3 24. Qxe3 Kf8 25. Qa7 Qc8 26. Qd4 Ne7 27. g4 h5 28. f3 hxg4 29. fxg4 Ng6 30. Kf2 Qd8 31. Qe3 Qf6+ 32. Kg3 Qc3 33. Qf3 Ne5 34. Nxe5 Qxe5+ 35. Kg2 Ke7 36. h4 b6 37. a4 a5 38. Kf1 Qa1+ 39. Kf2 Qf6 40. Qxf6+ Kxf6 41. Kf3 g6 42. Kf4 g5+ 43. hxg5+ Kg6 44. Kf3 Kxg5 45. Kg3 f6 46. Kf3 f5 47. gxf5 Kxf5 48. Ke3 Ke5 49. Kd3 Kf5 1/2-1/2

[Event "FB23 2223 SK 1980 Gernsheim - SK Freibu"]
[Site "?"]
[Date "2022.10.15"]
[Round "1.4"]
[White "Mueller, Manon"]
[Black "Ehmann, Johanna"]
[Result "1/2-1/2"]
[WhiteElo "1789"]
[BlackElo "1779"]
[PlyCount "43"]
[EventDate "2022.??.??"]

1. d4 e6 2. c4 b6 3. Nf3 Bb4+ 4. Bd2 Bxd2+ 5. Nbxd2 Bb7 6. e3 Nf6 7. Be2 O-O 8. O-O d5 9. b4 dxc4 10. Nxc4 Nbd7 11. Rc1 Ne4 12. Qc2 Rc8 13. Qb2 Bd5 14. Nce5 c5 15. Nxd7 Qxd7 16. Ne5 Qe7 17. dxc5 bxc5 18. bxc5 Nxc5 19. Qa3 Rc7 20. Bf3 Bxf3 21. Nxf3 Ne4 22. Qxe7 1/2-1/2

[Event "FB23 2223 SK 1980 Gernsheim - SK Freibu"]
[Site "?"]
[Date "2022.10.15"]
[Round "1.5"]
[White "Henninger, Claire"]
[Black "Tampe, Friederike"]
[Result "1/2-1/2"]
[WhiteElo "1526"]
[BlackElo "1592"]
[PlyCount "131"]
[EventDate "2022.??.??"]

1. e4 e5 2. Nf3 Nc6 3. Bc4 Bc5 4. d3 Nf6 5. Nc3 h6 6. Na4 Be7 7. Nc3 d6 8. h3 Na5 9. Bb5+ c6 10. Ba4 b5 11. Bb3 Nxb3 12. axb3 O-O 13. Be3 a6 14. Qc1 Re8 15. Ne2 Bf8 16. O-O d5 17. Ng3 Qc7 18. Nh4 dxe4 19. dxe4 c5 20. f3 Kh7 21. Nhf5 Ng8 22. Bf2 Bb7 23. Rd1 Rad8 24. c4 b4 25. Qc2 Ne7 26. Nxe7 Bxe7 27. Nf5 Rxd1+ 28. Rxd1 Bf8 29. Qd3 Bc8 30. Ne3 Be6 31. Nd5 Qb7 32. Ra1 Kh8 33. Ra5 Rc8 34. Be3 Rc6 35. Qe2 Qc8 36. Qf2 Qd8 37. Ra1 Qc8 38. Qh4 Bd7 39. Ne7 Bxe7 40. Qxe7 Be6 41. Ra5 Bxh3 42. Rxc5 Rxc5 43. Qxc5 Be6 44. Qxc8+ Bxc8 45. Bb6 f5 46. Ba5 fxe4 47. fxe4 Bb7 48. Bxb4 Bxe4 49. Bd6 Bc2 50. c5 Bxb3 51. Bxe5 Bd5 52. Kf2 Kh7 53. g3 g5 54. Ke3 Kg6 55. b4 Kf5 56. Kd4 Bc6 57. Bd6 h5 58. Ke3 h4 59. gxh4 gxh4 60. Kf2 h3 61. Ke3 Ke6 62. Kd4 Bb5 63. Bg3 Bc6 64. Bc7 Bb5 65. Ke4 Bc6+ 66. Kd4 1/2-1/2

[Event "FB23 2223 SG Augsburg 1873 - SC Bavaria"]
[Site "?"]
[Date "2022.10.16"]
[Round "2.1"]
[White "Arnhold, Steffi"]
[Black "Manko, Mariya"]
[Result "1-0"]
[WhiteElo "2121"]
[BlackElo "2082"]
[PlyCount "41"]
[EventDate "2022.??.??"]

1. e4 c5 2. Nf3 Nc6 3. d4 cxd4 4. Nxd4 Nf6 5. Nc3 e5 6. Ndb5 d6 7. Bg5 a6 8. Na3 b5 9. Nd5 Be7 10. Bxf6 gxf6 11. g3 Be6 12. c3 Rc8 13. Nc2 f5 14. exf5 Bxf5 15. Bg2 O-O 16. O-O Bg6 17. a4 Qe8 18. axb5 axb5 19. Ra6 Bd8 20. Ncb4 Na5 21. Rxa5 1-0

[Event "FB23 2223 SG Augsburg 1873 - SC Bavaria"]
[Site "?"]
[Date "2022.10.16"]
[Round "2.2"]
[White "Horvath, Maria"]
[Black "Bardorz, Jana"]
[Result "1/2-1/2"]
[WhiteElo "1947"]
[BlackElo "2048"]
[PlyCount "67"]
[EventDate "2022.??.??"]

1. d4 d5 2. c4 e6 3. Nc3 Nf6 4. cxd5 exd5 5. Bg5 Be7 6. Qc2 h6 7. Bh4 O-O 8. e3 Re8 9. Bd3 c6 10. Nf3 Ne4 11. Bxe7 Qxe7 12. h3 Bf5 13. O-O Nd7 14. Rab1 Nxc3 15. bxc3 Bxd3 16. Qxd3 b5 17. Rbe1 a6 18. Nd2 c5 19. Re2 c4 20. Qc2 a5 21. e4 Nb6 22. Re3 Qd7 23. Rfe1 b4 24. e5 Na4 25. Nb1 Qb5 26. e6 Rxe6 27. Rxe6 fxe6 28. Rxe6 Qd7 29. Qe2 Kf7 30. Re5 Ra6 31. Qh5+ Kg8 32. Rxd5 Qe7 33. Re5 Re6 34. f4 1/2-1/2

[Event "FB23 2223 SG Augsburg 1873 - SC Bavaria"]
[Site "?"]
[Date "2022.10.16"]
[Round "2.3"]
[White "Leuchsenring, Christina"]
[Black "Kosc, Renata"]
[Result "1/2-1/2"]
[WhiteElo "1879"]
[BlackElo "1981"]
[PlyCount "50"]
[EventDate "2022.??.??"]

1. e4 c5 2. c3 d5 3. exd5 Qxd5 4. d4 Nc6 5. Nf3 Bg4 6. Be2 cxd4 7. cxd4 e6 8. Nc3 Qd8 9. h3 Bh5 10. Qb3 Rb8 11. d5 exd5 12. Nxd5 Bd6 13. O-O Nge7 14. Rd1 O-O 15. Nf4 Bxf3 16. Bxf3 Ne5 17. Be4 Kh8 18. Be3 b6 19. Rac1 Qd7 20. Bd4 N7c6 21. Nh5 Nxd4 22. Rxd4 Qe7 23. Qc2 g6 24. Nf4 Bc5 25. Rd5 Rbd8 1/2-1/2

[Event "FB23 2223 SG Augsburg 1873 - SC Bavaria"]
[Site "?"]
[Date "2022.10.16"]
[Round "2.4"]
[White "Braun, Kristin"]
[Black "Oberhofer, Marie"]
[Result "1-0"]
[WhiteElo "1898"]
[BlackElo "1739"]
[PlyCount "121"]
[EventDate "2022.??.??"]

1. e4 c5 2. Nf3 d6 3. d4 cxd4 4. Nxd4 Nf6 5. Nc3 g6 6. Be3 Bg7 7. f3 O-O 8. Qd2 Nc6 9. g4 Nxd4 10. Bxd4 e5 11. Be3 Be6 12. O-O-O Qa5 13. Qxd6 Bxa2 14. Qc5 Qxc5 15. Bxc5 Bh6+ 16. Rd2 Rfd8 17. Bd3 Bxd2+ 18. Kxd2 Nd7 19. Be7 Re8 20. Bh4 Be6 21. Bb5 a6 22. Bxd7 Bxd7 23. Nd5 Bb5 24. Nc7 Rad8+ 25. Ke3 Rc8 26. Nxe8 Bxe8 27. c3 Kg7 28. Rd1 Ba4 29. Rd6 Re8 30. Bf6+ Kf8 31. Rd5 Bc6 32. Rc5 Re6 33. Bxe5 Ke7 34. Bg3 Kd7 35. Rc4 Bb5 36. Rd4+ Ke7 37. g5 Rb6 38. Bc7 Rc6 39. Bd8+ Ke6 40. Bf6 Rd6 41. b3 Rxd4 42. cxd4 Bf1 43. d5+ Kd6 44. Kd4 Bg2 45. f4 Bf3 46. Bd8 Bd1 47. b4 Bf3 48. Bb6 Bg4 49. Bc5+ Kd7 50. Ke5 Bf3 51. d6 Ke8 52. Kf6 Bxe4 53. Kg7 Bf5 54. Kxh7 Be6 55. Kg7 Bg4 56. Kf6 Bh3 57. Kg7 Be6 58. h4 Bg4 59. Kf6 Be6 60. f5 Bd5 61. fxg6 1-0